01339nam a2200349Ia 450000100060000000300100000600500170001600700030003300800410003602000180007704000350009504100080013008200160013810000240015424501270017825000200030526400320032530000480035733600270040533700330043233800280046549000160049350000480050960000930055765000450065065000510069565000340074670000490078094200120082999900170084195201310085857234CO-BoRNBP20250605154815.0ta180109s2014 sp g 000 0 spa  a9788434226838 aCO-BoRNBPbspaerdacCO-BoRNBP aspa04a923.1bM13m1 aMiranda, Pau96002310aMe llamo... Alejandro Magnoben unos años levanté un colosal imperiocPau Miranda ; ilustraciones de Christian Inaraja aSexta edición 1aBarcelonabParramónc2014 a64 páginasbilustraciones a colorc21 cm. atextobtxt2rdacontent asin mediaciónbn2rdamedia avolumenbnc2rdacarrier0 aMe llamo... aContiene tabla cronológica sobre el autor14aAlexandre Magnod356-323 A.CvBiografíasxVida social y costumbresxEmperadores96002400aBiografiasxVida política2LEMB96002504aGreciavBiografíasxEmperadores2LEMB96002604aGreciaxHistoria2LEMB9600271 aInaraja, Christiand1972-eilustrador960028 2ddccBK c57234d57234 00102ddc40708GENaMECASARIbMECASARIcGENd2025-06-05l0o923.1 M13mpMDA001122r2025-06-05 15:48:33tEj.1w2025-06-05yBK